| 000 | 00415nam a2200145 i 4500 | ||
|---|---|---|---|
| 001 | 76857 | ||
| 003 | ES-MaACL | ||
| 007 | t| | ||
| 008 | 041005s1927 fr ||||1| fre d | ||
| 100 | 1 |
_aGuignebert, Charles. _960664 |
|
| 245 | 1 | 3 |
_aLe Christianisme medieval et moderne / _cCharles Guignebert. |
| 260 |
_aParis : _b[s.n., _c1927] ( _eLagny : _fE. Grevin) |
||
| 300 |
_a324 p. ; _c19 cm. |
||
| 852 |
_aES-MaACL _jB-6454 |
||
| 999 |
_c76857 _d76857 |
||